=LDR 00000nam 2200000 4500 =001 INLIS000000000028140 =005 20130612130451 =008 ***********************************Ind** =035 ##$$0010-061300000028140 =041 ##$$a Ind =082 ##$$a 940.23 =090 ##$$a 940.23, Ily d =100 ##$$a Ilyas, darlis =245 ##$$a 6aDibawah dukungan rakyat pemikiran dan langkah reformasi sang walikota, DR. H. Darlis Ilyas, SH =260 ##$$a 2001 $b Jakarta =300 ##$$a xv, 256 hlm, 21 cm =650 ##$$a Sejarah =850 ##$$a NBPNMAT